| 000 | 00395cam a2200169ua 4500 | ||
|---|---|---|---|
| 020 | _cRs 3.00 | ||
| 041 |
_ahin _h |
||
| 082 |
_a891.43 _bCHA/HA |
||
| 100 | _aChandran, Ragam . | ||
| 245 |
_aHashadashta / _cChandran Ragam. _hTextual Documents |
||
| 260 |
_aDelhi : _bRajpal , _c1961. |
||
| 300 | _a380 ; . | ||
| 365 | _aRs 3.00 | ||
| 504 | _a | ||
| 942 | _cBK | ||
| 999 |
_c2565 _d2565 |
||